000 00424nam a2200181Ia 4500
008 210210b1906 xxu||||| |||| 00| 0 eng d
041 _aeng
082 _a821/861
100 _aCAMPBELL (L)
245 _aSophocles in English Verse
260 _aLondon
_bOxford University Press
_c1906
650 _aVerse
650 _aSophocles
650 _ain
650 _aEnglish
690 _aEnglish Drama
906 _a012027
999 _c130778
_d130778